[Event "Aktobe Dvorkovich Rapid op"]
[Site "Aktobe"]
[Date "2022.06.21"]
[Round "4"]
[White "Bekturov, Tamerlan"]
[Black "Galiev, Ernest"]
[Result "1-0"]
[WhiteElo "2214"]
[BlackElo "1719"]
[PlyCount "91"]
[EventDate "2022.06.21"]
[EventType "swiss (rapid)"]
[EventRounds "9"]
[EventCountry "KAZ"]
[SourceTitle "CBM 209 Extra"]
[Source "ChessBase"]
[SourceDate "2022.09.30"]
[SourceVersion "1"]
[SourceVersionDate "2022.09.30"]
[SourceQuality "1"]

1. d4 Nf6 2. c4 g6 3. Nc3 d5 4. Nf3 Bg7 5. Bg5 c6 6. e3 0-0 7. Qc2 e6 8. Be2 Nbd7 9. 0-0 b6 10. e4 dxe4 11. Nxe4 Bb7 12. Rad1 Qc7 13. Nc3 Rac8 14. Qc1 Rfe8 15. Bf4 Qd8 16. h3 Qe7 17. Rfe1 Red8 18. Bg5 Qf8 19. Ne5 h6 20. Nxd7 Rxd7 21. Be3 Kh7 22. Bf3 Ng8 23. Rd2 Ne7 24. g4 Rcd8 25. Ne2 e5 26. dxe5 Bxe5 27. Rxd7 Rxd7 28. Nc3 Bg7 29. Bg2 Qa8 30. Ne4 Qh8 31. b3 c5 32. Rd1 Qd8 33. Rxd7 Qxd7 34. Bxh6 Bxe4 35. Bxg7 Kxg7 36. Bxe4 Nc6 37. Kg2 Nd4 38. Qf4 Qe7 39. Bd5 Ne2 40. Qf3 Nd4 41. Qe4 Qf6 42. f4 Kh7 43. Kg3 Kg7 44. h4 a5 45. Qe8 Qd6 46. Qxf7+ 1-0

[Event "Cheliabinsk Panchenko Memorial op"]
[Site "Cheliabinsk"]
[Date "2019.09.15"]
[Round "7"]
[White "Tosic, Miroslav"]
[Black "Galiev, Ernest"]
[Result "1/2-1/2"]
[WhiteElo "2327"]
[BlackElo "1875"]
[PlyCount "98"]
[EventDate "2019.09.09"]
[EventType "swiss"]
[EventRounds "9"]
[EventCountry "RUS"]
[SourceTitle "EXT 2020"]
[Source "ChessBase"]
[SourceDate "2019.10.17"]
[SourceVersion "1"]
[SourceVersionDate "2019.10.17"]
[SourceQuality "1"]

1. Nf3 d5 2. g3 Nf6 3. Bg2 Bf5 4. c4 c6 5. b3 h6 6. Bb2 e6 7. d3 Be7 8. Nbd2 0-0 9. 0-0 a5 10. a3 Nbd7 11. Qc2 Bh7 12. Bc3 b5 13. cxb5 cxb5 14. Bd4 Rc8 15. Qb2 b4 16. axb4 Bxb4 17. Rfc1 Qe7 18. Rxc8 Rxc8 19. Rc1 Rxc1+ 20. Qxc1 Bc5 21. Bxc5 Qxc5 22. Qxc5 Nxc5 23. Nd4 Kf8 24. Nc6 Nb7 25. e4 Ke8 26. f3 Nd7 27. Kf2 Nb6 28. Ke3 f6 29. f4 Kd7 30. exd5 Nxd5+ 31. Bxd5 exd5 32. Nd4 Kd6 33. g4 Nc5 34. f5 Bg8 35. N4f3 Bf7 36. d4 Nd7 37. Nh4 Nb6 38. Nf1 Nc8 39. Ng3 Ne7 40. Ng2 Kc6 41. Kd2 Kd7 42. Nf4 Nc6 43. Kc3 Ke7 44. Nf1 Kd6 45. Ne3 Nb4 46. Kb2 Nc6 47. Nc2 Kc7 48. Kc3 Kd6 49. h4 Ne7 1/2-1/2

[Event "St Petersburg Korchnoi Memorial op"]
[Site "St Petersburg"]
[Date "2019.08.19"]
[Round "6"]
[White "Galiev, Ernest"]
[Black "Lazhevskaya, Zhanni"]
[Result "1/2-1/2"]
[WhiteElo "1773"]
[BlackElo "2021"]
[PlyCount "83"]
[EventDate "2019.08.14"]
[EventType "swiss"]
[EventRounds "9"]
[EventCountry "RUS"]
[SourceTitle "CBM 192"]
[Source "ChessBase"]
[SourceDate "2019.10.31"]
[SourceVersion "1"]
[SourceVersionDate "2019.10.31"]
[SourceQuality "1"]

1. d4 Nf6 2. c4 e6 3. g3 d5 4. Bg2 Be7 5. Nf3 0-0 6. 0-0 dxc4 7. Ne5 Nc6 8. Bxc6 bxc6 9. Nxc6 Qe8 10. Nxe7+ Qxe7 11. Qa4 a5 12. Qxc4 Ba6 13. Qc2 Rfd8 14. Rd1 c5 15. dxc5 Rxd1+ 16. Qxd1 Qxc5 17. Nc3 Ng4 18. Qf1 Rd8 19. h3 Ne5 20. Be3 Qb4 21. Rd1 Rc8 22. Bc1 Nf3+ 23. Kh1 Nd4 24. Be3 Qb7+ 25. f3 Nf5 26. Bf2 Qxb2 27. Qe1 h6 28. Rc1 e5 29. e3 Nd6 30. a4 e4 31. f4 Bd3 32. g4 Kh7 33. Bg3 f5 34. Bh4 Rc4 35. Be7 Nc8 36. Bd8 Nb6 37. Bxb6 Qxb6 38. Nd5 Qc5 39. Rxc4 Bxc4 40. Nc3 fxg4 41. hxg4 Qb4 42. Qd2 1/2-1/2

[Event "St Petersburg Korchnoi Memorial op"]
[Site "St Petersburg"]
[Date "2019.08.15"]
[Round "2"]
[White "Galiev, Ernest"]
[Black "Kavyev, Ruslan"]
[Result "0-1"]
[WhiteElo "1773"]
[BlackElo "2187"]
[PlyCount "78"]
[EventDate "2019.08.14"]
[EventType "swiss"]
[EventRounds "9"]
[EventCountry "RUS"]
[SourceTitle "CBM 192"]
[Source "ChessBase"]
[SourceDate "2019.10.31"]
[SourceVersion "1"]
[SourceVersionDate "2019.10.31"]
[SourceQuality "1"]

1. e4 c5 2. Nf3 d6 3. d4 cxd4 4. Nxd4 Nf6 5. Nc3 a6 6. f3 e5 7. Nb3 Be6 8. Be3 h5 9. Qd2 Nbd7 10. 0-0-0 Rc8 11. Kb1 Qc7 12. h3 Be7 13. Bd3 h4 14. f4 b5 15. f5 Bc4 16. Rhe1 b4 17. Nd5 Nxd5 18. exd5 Nf6 19. Bxc4 Qxc4 20. Na5 Qc7 21. Qxb4 Qxc2+ 22. Ka1 0-0 23. Nc6 Nxd5 24. Nxe7+ Nxe7 25. f6 Rb8 26. Qd2 Qxd2 27. Rxd2 Nf5 28. Bg5 Rfc8 29. fxg7 Kxg7 30. Rf2 Kg6 31. Bd2 Ng3 32. Bc3 f5 33. Rd2 Ne4 34. Rd5 Kf6 35. Red1 Ke6 36. a3 Rb6 37. a4 Nxc3 38. bxc3 Rxc3 39. a5 Ra3# 0-1

[Event "Moscow op-A 15th"]
[Site "Moscow"]
[Date "2019.01.29"]
[Round "4"]
[White "Samadov, Read"]
[Black "Galiev, Ernest"]
[Result "1-0"]
[WhiteElo "2180"]
[BlackElo "1674"]
[PlyCount "121"]
[EventDate "2019.01.26"]
[EventType "swiss"]
[EventRounds "9"]
[EventCountry "RUS"]
[SourceTitle "CBM 188 Extra"]
[Source "ChessBase"]
[SourceDate "2019.02.28"]
[SourceVersion "1"]
[SourceVersionDate "2019.02.28"]
[SourceQuality "1"]

1. d4 d5 2. c4 c6 3. Nf3 Nf6 4. Nc3 a6 5. a4 Bf5 6. Qb3 Ra7 7. a5 h6 8. e3 e6 9. Qb6 Qxb6 10. axb6 Ra8 11. c5 Nbd7 12. b4 Rb8 13. Be2 Be7 14. 0-0 0-0 15. Nd2 e5 16. Nb3 Ne4 17. Nxe4 Bxe4 18. Bb2 exd4 19. Bxd4 Bf6 20. Bxf6 Nxf6 21. Nd4 Rfc8 22. h4 Bg6 23. f3 h5 24. Ra3 Nd7 25. Rfa1 Nf8 26. R3a2 Ne6 27. Nb3 Kf8 28. Rd2 f6 29. Rad1 Rd8 30. Na5 Be8 31. e4 dxe4 32. Rxd8 Nxd8 33. fxe4 Ke7 34. g4 hxg4 35. Bxg4 Nf7 36. Kf2 Ne5 37. Bh3 Bd7 38. Bxd7 Nxd7 39. Rg1 Kf7 40. Nc4 g6 41. Nd6+ Kg7 42. h5 g5 43. Nf5+ Kf7 44. h6 Ne5 45. h7 Ng6 46. Ke3 Ne7 47. Nd6+ Kg7 48. Rh1 Ng6 49. Nf5+ Kf7 50. Rd1 Ne5 51. Rh1 Ng6 52. Rd1 Ne5 53. h8Q Rxh8 54. Nd6+ Ke6 55. Nxb7 Rh3+ 56. Kf2 Rb3 57. Nd8+ Ke7 58. Rd4 Nd3+ 59. Rxd3 Rxd3 60. Nxc6+ Kd7 61. b7 1-0